| 000 | 01331nam a2200241Ia 4500 | ||
|---|---|---|---|
| 003 | Ost | ||
| 005 | 20260507075051.0 | ||
| 008 | 260507s9999||||xx |||||||||||||| ||und|| | ||
| 040 | _cfsecg | ||
| 041 | _aara | ||
| 082 | _a600 | ||
| 100 |
_aمحمد، محمد محمود عبد ربه _eمؤلف |
||
| 245 | 0 |
_aدراسات في محاسبة التكاليف : _bقياس تكلفة مخاطر الإئتمان المصرفي في البنوك التجارية / _c محمد محمود عبد ربه محمد |
|
| 260 |
_aالإسكندرية: _bالدار الجامعية للنشر, _c2000 |
||
| 300 |
_a260 صفحة؛ _bإيضاحات ؛ _c24 سم |
||
| 504 | _aببليوغرافيا: ص.201-211 | ||
| 520 | _aأهمية وأهداف قياس تكلفة مخاطر الإئتمان في البنوك التجارية-مخاطر الإئتمان في البنوك التجارية-قياس تكلفة مخاطر الإئتمان في البنوك التجارية"نموذج محاسبي مقترح"دراسة وتحليل النتائج"الدراسة التطبيقية"-الخلاصة والنتائج والتوصيات | ||
| 653 | _aالإئتمان، مخاطر | ||
| 653 | _aالبنوك تجارية | ||
| 653 | _aالمخاطر المالية | ||
| 653 | _aمحاسبة التكاليف | ||
| 942 | _cكتاب | ||
| 999 |
_c42642 _d42642 |
||